संस्कृत वाङ्मय कोश (Record no. 114039)
[ view plain ]
| 000 -LEADER | |
|---|---|
| fixed length control field | 00868nam a2200241Ia 4500 |
| 003 - CONTROL NUMBER IDENTIFIER | |
| control field | OSt |
| 005 - DATE AND TIME OF LATEST TRANSACTION | |
| control field | 20220918110705.0 |
| 008 - FIXED-LENGTH DATA ELEMENTS--GENERAL INFORMATION | |
| fixed length control field | 220915b |||||||| |||| 00| 0 san d |
| 037 ## - SOURCE OF ACQUISITION | |
| Terms of availability | Reference Collections |
| 040 ## - CATALOGING SOURCE | |
| Original cataloging agency | ARTS |
| Transcribing agency | ARTS |
| Language of cataloging | san |
| 041 ## - LANGUAGE CODE | |
| Source of code | san |
| Language code of text/sound track or separate title | san |
| 100 ## - MAIN ENTRY--PERSONAL NAME | |
| Personal name | वर्णेकर, श्रीधर भास्कर, ले. |
| 9 (RLIN) | 9019 |
| 245 #0 - TITLE STATEMENT | |
| Title | संस्कृत वाङ्मय कोश |
| 246 ## - VARYING FORM OF TITLE | |
| Title proper/short title | Sanskṛut vānmaya kosha |
| 260 ## - PUBLICATION, DISTRIBUTION, ETC. | |
| Place of publication, distribution, etc. | कलकता |
| Name of publisher, distributor, etc. | भारतीय भाषा परिषद् भारत |
| Date of publication, distribution, etc. | 1988 |
| 490 ## - SERIES STATEMENT | |
| Volume/sequential designation | भाग 1 |
| 942 ## - ADDED ENTRY ELEMENTS (KOHA) | |
| Classification part | P15k, 152M8.1(RR) |
| Koha item type | Reference |
| Withdrawn status | Lost status | Damaged status | Not for loan | Home library | Current library | Date acquired | Serial Enumeration / chronology | Total Checkouts | Full call number | Barcode | Date last seen | Price effective from | Koha item type |
|---|---|---|---|---|---|---|---|---|---|---|---|---|---|
| Arts Library | Arts Library | 2022-09-18 | भाग 1 | P15k 152M8.1(RR) | AL0927157 | 2022-09-18 | 2022-09-18 | Reference |
